Modifikácie lignocelulózových vlákien pre biokompozitné materiály acetyláciou

Salvato in:
Dettagli Bibliografici
Autore principale: Fülöp, Norbert (Autore)
Altri autori: Šutý, Štefan (Relatore della tesi)
Natura: Manoscritto Libro
Lingua:slovacco
Pubblicazione: 2017
Soggetti:
Accesso online:http://is.stuba.sk/zp/portal_zp.pl?podrobnosti=128667
Tags: Aggiungi Tag
Nessun Tag, puoi essere il primo ad aggiungerne!!

MARC

LEADER 00000ntm a22000003a 4500
001 stuzp65187
003 SK-STU
005 20170610211558.2
007 ta
008 150427s2015----xo-----f-mn---000-0-slo-d
040 |a STU  |b slo 
041 0 |a slo 
100 1 |a Fülöp, Norbert  |u 049380  |4 aut  |U FCHPT Ústav prírodných a syntetických polymérov  |T FCHPT Oddelenie dreva, celulózy a papiera  |X 42479  |U C9380  |Y 129  |7 42479 
242 0 1 |a Modifications of lignocellulosic fibers for biocomposites by acetylation  |y eng 
245 1 0 |a Modifikácie lignocelulózových vlákien pre biokompozitné materiály acetyláciou 
260 |c 2017 
650 4 |a biokompozity  |2 slo 
650 4 |a PLA  |2 slo 
650 4 |a PHB  |2 slo 
650 4 |a prášková celulóza  |2 slo 
650 4 |a acetylácia  |2 slo 
650 4 |a PLA  |2 eng 
650 4 |a acetylation  |2 eng 
650 4 |a biocomposites  |2 eng 
650 4 |a powdered cellulose  |2 eng 
650 4 |a PHB  |2 eng 
700 1 |a Šutý, Štefan  |u 049380  |k Z1  |4 ths  |U FCHPT Ústav prírodných a syntetických polymérov  |T FCHPT Oddelenie dreva, celulózy a papiera  |X 3920  |U C9380  |Y 129  |7 A000003920 
856 4 |u http://is.stuba.sk/zp/portal_zp.pl?podrobnosti=128667